000 00380 a2200157 4500
001 50116
040 _cAnchieta - Bela Vista
100 _aAnchietinha Itaigara
240 1 0 _aDeu a louca nos contos de fadas
_lpor
245 1 0 _aDeu a louca nos contos de fadas
300 _a34
362 0 _a2016
440 1 _aAnchietinha Itaigara
650 4 _aLiteratura juvenil
942 _cBK
999 _c50116
_d50116